Tam thập lục kế Thuật ứng xử và quyền biến

সংরক্ষণ করুন:
গ্রন্থ-পঞ্জীর বিবরন
প্রধান লেখক: Nguyễn, Nguyên Quân
বিন্যাস: গ্রন্থ
ভাষা:Vietnamese
প্রকাশিত: T.P. Hồ Chí Minh Thanh niên 2008
বিষয়গুলি:
ট্যাগগুলো: ট্যাগ যুক্ত করুন
কোনো ট্যাগ নেই, প্রথমজন হিসাবে ট্যাগ করুন!
Thư viện lưu trữ: Trung tâm Học liệu Lê Vũ Hùng, Trường Đại học Đồng Tháp
LEADER 00947aam a22003378a 4500
001 00032870
005 20171026081023.0
008 141208s2008 ||||||viesd
020 |c 22000 
041 0 # |a vie 
082 1 4 |a 355  |b T104TH 
100 1 # |a Nguyễn, Nguyên Quân 
245 1 0 |a Tam thập lục kế  |c Nguyễn Nguyên Quân  |b Thuật ứng xử và quyền biến 
260 # # |a T.P. Hồ Chí Minh  |b Thanh niên  |c 2008 
300 # # |a 240 tr.  |c 19 cm. 
600 1 4 |a Tôn, Tử 
653 # # |a Binh pháp 
653 # # |a Chiến lược 
653 # # |a Nghệ thuật 
653 # # |a Quân sự 
653 # # |a Trung Quốc 
653 # # |a Ứng xử 
852 # # |b Kho đọc  |j KD.0016408 
852 # # |j KD.0016408 
910 |d 8/12/2014 
980 # # |a Trung tâm Học liệu Lê Vũ Hùng, Trường Đại học Đồng Tháp